[Event "Gibtelecom Masters"]
[Site "Catalan Bay ENG"]
[Date "2007.02.01"]
[Round "9"]
[White "Mundaca,J"]
[Black "Daoudi,K"]
[Result "0-1"]
[WhiteElo "2167"]
[BlackElo "2129"]
[EventDate "2007.01.23"]

1. e4 e5 2. Nf3 Nc6 3. Bb5 a6 4. Ba4 Nf6 5. O-O Be7 6. Bxc6 dxc6 7. Qe1 Nd7
8. d4 exd4 9. Nxd4 O-O 10. Nc3 Ne5 11. Nde2 Bc5 12. Bf4 Ng6 13. Bg3 h5 14.
Rd1 Qe7 15. Kh1 h4 16. Bf4 Be6 17. Bc1 Rad8 18. Rxd8 Rxd8 19. f3 Ne5 20. b3
Ba7 21. Nf4 Bc8 22. Be3 Bxe3 23. Qxe3 g5 24. Nd3 f6 25. h3 Nxd3 26. cxd3
Qe5 27. Qd2 b6 28. Rd1 c5 29. Ne2 Bb7 30. Qe1 a5 31. f4 gxf4 32. Qxh4 Bxe4
33. Nxf4 Qg5 34. Qf2 Bf5 35. Qf3 Kf7 36. g4 Rd4 37. Rf1 Bd7 38. Ne2 Rd6 39.
Nc3 Bc6 40. Ne4 Qe5 41. g5 Bxe4 42. dxe4 Qxg5 43. Rg1 Qh6 44. e5 Re6 45.
Qg4 fxe5 46. Qg8+ Ke7 47. Rg7+ Kd6 48. Qd8+ Kc6 49. Qd7+ Kb7 50. Qxc7+ Ka6
51. Qc8+ Kb5 52. Qd7+ Ka6 53. Qb7+ Kb5 54. Qd7+ Rc6 55. Qd3+ c4 56. bxc4+
Rxc4 57. Qb3+ Rb4 58. a4+ Kc5 59. Rc7+ Kd6 60. Qc3 Rb1+ 61. Kg2 Qg5+ 62.
Kf2 Qg1+ 63. Ke2 Rb2+ 64. Kd3 Qg3+ 0-1

[Event "Gibtelecom Masters"]
[Site "Catalan Bay ENG"]
[Date "2007.02.01"]
[Round "9"]
[White "Prasanna,Ra"]
[Black "Rajlich,I"]
[Result "1-0"]
[WhiteElo "2234"]
[BlackElo "2428"]
[EventDate "2007.01.23"]

1. e4 e6 2. d4 d5 3. Nd2 c5 4. exd5 Qxd5 5. Ngf3 cxd4 6. Bc4 Qd6 7. O-O Nf6
8. Nb3 Nc6 9. Nbxd4 Nxd4 10. Nxd4 a6 11. a4 Bd7 12. b3 h5 13. Bg5 Ng4 14.
Nf3 Bc6 15. Qxd6 Bxd6 16. Rad1 Bc7 17. Be2 f6 18. Bc1 e5 19. h3 e4 20. Nd4
Ne5 21. Ne6 Rc8 22. Nxg7+ Kf7 23. Nf5 Bd7 24. Ng3 f5 25. Bb2 Ke6 26. Nxh5
Nf3+ 27. Bxf3 1-0

[Event "Gibtelecom Masters"]
[Site "Catalan Bay ENG"]
[Date "2007.02.01"]
[Round "9"]
[White "Rendle,T"]
[Black "Gurevich,M"]
[Result "1/2-1/2"]
[WhiteElo "2366"]
[BlackElo "2635"]
[EventDate "2007.01.23"]

1. e4 e6 2. d4 d5 3. exd5 exd5 4. Nf3 Bg4 5. h3 Bh5 6. Qe2+ Qe7 7. Be3 Nc6
8. Nc3 O-O-O 9. g4 Bg6 10. O-O-O f6 11. a3 Qe8 12. Qd2 Nge7 13. Nh4 Bf7 14.
Bd3 Kb8 15. Rhe1 h5 16. Nf5 hxg4 17. hxg4 g6 18. Nxe7 Bxe7 19. Bb5 a6 20.
Ba4 Qd7 21. Qd3 Qd6 22. Ne2 Na5 23. Bf4 Qb6 24. Bg3 g5 25. f4 gxf4 26. Nxf4
Bd6 27. Qf5 Rdf8 28. Rd3 Rhg8 29. Nxd5 Bxd5 30. Qxd5 Bxg3 31. Rxg3 Rd8 32.
Qc5 Rxd4 33. Qxb6 cxb6 34. b4 Nc4 35. Bb3 Rgxg4 36. Rf3 Rgf4 37. Rxf4 Rxf4
38. Re8+ Ka7 39. Bxc4 Rxc4 40. Rf8 Rc6 41. b5 axb5 42. Kb2 b4 43. a4 Rc3
44. Rxf6 Ra3 45. Rf8 Rxa4 46. Kb3 b5 47. Rf6 Ra6 48. Rf5 Kb6 49. Kxb4 Ra4+
50. Kb3 Rc4 51. c3 Rc5 52. Rf6+ Rc6 53. Rf7 Re6 54. Rg7 Kc6 55. Rg4 Kc5 56.
Rg5+ Kb6 57. Rg7 Re4 58. Rg6+ Ka5 59. Rg7 b4 60. Rxb7 bxc3 61. Kxc3 1/2-1/2

[Event "Gibtelecom Masters"]
[Site "Catalan Bay ENG"]
[Date "2007.02.01"]
[Round "9"]
[White "Savory,R"]
[Black "Eggleston,D"]
[Result "0-1"]
[WhiteElo "2119"]
[BlackElo "2284"]
[EventDate "2007.01.23"]

1. e4 e6 2. d4 d5 3. Nd2 Nf6 4. e5 Nfd7 5. Bd3 c5 6. c3 Nc6 7. Ne2 cxd4 8.
cxd4 f6 9. exf6 Nxf6 10. Nf3 Bd6 11. O-O O-O 12. Bf4 Bxf4 13. Nxf4 Ne4 14.
Ne2 Rxf3 15. Bxe4 dxe4 16. gxf3 exf3 17. Ng3 Nxd4 18. Re1 Qd5 19. Rc1 b6
20. Rc7 Ba6 21. Kh1 Rd8 22. Rxa7 Bb7 23. Ra4 e5 24. Qc1 b5 25. Ra7 Ne2 26.
Qb1 Nxg3+ 27. hxg3 e4 28. Kg1 Qd7 29. Rxe4 Qh3 0-1

[Event "Gibtelecom Masters"]
[Site "Catalan Bay ENG"]
[Date "2007.02.01"]
[Round "9"]
[White "Arsenault,N"]
[Black "Richardson,Kei"]
[Result "0-1"]
[WhiteElo "2112"]
[BlackElo "2250"]
[EventDate "2007.01.23"]

1. e4 g6 2. d4 Bg7 3. Nc3 d6 4. f4 Nc6 5. Be3 Nf6 6. Be2 O-O 7. e5 dxe5 8.
fxe5 Nd5 9. Nxd5 Qxd5 10. Nf3 Bf5 11. c3 f6 12. exf6 exf6 13. O-O Rae8 14.
Nd2 Kh8 15. Bf4 Re7 16. Bc4 Qd7 17. Nb3 Qc8 18. Bb5 Nd8 19. d5 Nf7 20. Nd4
Bg4 21. Qc2 a6 22. Bd3 Ne5 23. Rfe1 Qd8 24. Be4 Rfe8 25. h3 Bc8 26. Rad1
Qd6 27. Bh2 f5 28. Bf3 Nxf3+ 29. Nxf3 Rxe1+ 30. Nxe1 Be5 31. Bxe5+ Qxe5 32.
Nf3 Qf6 33. Qd2 Bd7 34. Qd4 Qxd4+ 35. Nxd4 Kg7 36. Kf2 Kf6 37. Nf3 g5 38.
c4 h5 39. Rd2 g4 40. hxg4 hxg4 41. Ne1 Re4 42. b3 f4 43. Nc2 Ke5 44. Nb4
Rd4 45. Re2+ Kf6 46. Nc2 Rd1 47. Re1 Rxe1 48. Nxe1 Bf5 49. a3 Ke5 50. g3 f3
51. Ke3 Bg6 52. Nd3+ Bxd3 53. Kxd3 Kd6 54. Ke3 b5 0-1

[Event "Gibtelecom Masters"]
[Site "Catalan Bay ENG"]
[Date "2007.02.01"]
[Round "9"]
[White "Fogel,P"]
[Black "Benaddi,M"]
[Result "1/2-1/2"]
[WhiteElo "2193"]
[BlackElo "2084"]
[EventDate "2007.01.23"]

1. d4 Nf6 2. c4 g6 3. Nc3 Bg7 4. e4 d6 5. Nf3 O-O 6. Be2 e5 7. Be3 Na6 8.
O-O Ng4 9. Bg5 f6 10. Bh4 Qe7 11. h3 Nh6 12. Re1 c6 13. Bf1 Nf7 14. a3 Kh8
15. b4 g5 16. Bg3 g4 17. hxg4 Bxg4 18. Be2 Rad8 19. Nh4 Bc8 20. Bg4 Bxg4
21. Qxg4 Nh6 22. Qh3 Nc7 23. d5 Qf7 24. Nf5 Nxf5 25. Qxf5 Qg6 26. Qxg6 hxg6
27. Rad1 cxd5 28. cxd5 f5 29. f3 Bh6 30. Bf2 b6 31. Be3 Bxe3+ 32. Rxe3 Rc8
33. Ree1 a6 34. Na4 Na8 35. Rc1 b5 36. Nb2 Nb6 37. Red1 Rxc1 38. Rxc1 Rc8
39. Rc6 Rxc6 40. dxc6 Kg7 41. c7 Kf7 42. a4 Ke7 43. axb5 axb5 44. Nd1 Kd7
45. Nc3 Kxc7 46. Nxb5+ Kc6 47. Na7+ Kd7 48. Kf2 d5 49. exf5 gxf5 50. f4 e4
51. Nb5 Ke6 52. Nd4+ Kf6 53. b5 Nc4 54. Kg3 Nd6 55. b6 Ke7 56. Kh4 Kd7 57.
g4 fxg4 58. Kxg4 Kc8 59. f5 Kb7 60. Kf4 Nf7 61. Ne2 Kxb6 62. Nc3 1/2-1/2

[Event "Gibtelecom Masters"]
[Site "Catalan Bay ENG"]
[Date "2007.02.01"]
[Round "9"]
[White "Barrenechea Bahamonde,G"]
[Black "Coimbra,M"]
[Result "1-0"]
[WhiteElo "2191"]
[BlackElo "2061"]
[EventDate "2007.01.23"]

1. e4 e5 2. Nf3 Nc6 3. Bb5 a6 4. Bxc6 dxc6 5. O-O Be6 6. Qe2 f6 7. c3 c5 8.
d4 cxd4 9. cxd4 exd4 10. Bf4 Bc5 11. Rd1 Ne7 12. b4 Bb6 13. Nc3 O-O 14. Na4
Ba7 15. Nc5 Bxc5 16. bxc5 Nc6 17. Qb2 Rb8 18. Nxd4 Nxd4 19. Rxd4 Qe7 20.
Rc1 b5 21. Qa3 Ra8 22. Qa5 Bc4 23. Qxc7 Qxc7 24. Bxc7 Bxa2 25. c6 Bc4 26.
Ba5 Be6 27. c7 Bc8 28. Rc6 Ra7 29. Rd8 Kf7 30. Rcd6 Ra8 31. Rb6 1-0

[Event "Gibtelecom Masters"]
[Site "Catalan Bay ENG"]
[Date "2007.02.01"]
[Round "9"]
[White "Steel,H"]
[Black "Dimitrijevic,Dragan"]
[Result "1-0"]
[WhiteElo "2175"]
[BlackElo "2052"]
[EventDate "2007.01.23"]

1. e4 c5 2. Nf3 d6 3. d4 cxd4 4. Nxd4 Nf6 5. Nc3 g6 6. Be3 Bg7 7. f3 Nc6 8.
Qd2 O-O 9. Bc4 Bd7 10. O-O-O Rc8 11. Bb3 Ne5 12. Kb1 b5 13. Bh6 b4 14. Nd5
Nxd5 15. Bxd5 e6 16. Bxg7 Kxg7 17. Bb7 Rb8 18. Ba6 Qa5 19. Be2 Qc7 20. h4
h5 21. g4 Rh8 22. gxh5 gxh5 23. Rhg1+ Kf8 24. Qg5 Qd8 25. Qg7+ Ke7 26. f4
Ng4 27. Bxg4 Rg8 28. Qh6 hxg4 29. Nf5+ exf5 30. Qxd6+ Ke8 31. exf5 f6 32.
Rge1+ Kf7 33. Qxd7+ Qxd7 34. Rxd7+ Kf8 35. Rxa7 g3 36. b3 g2 37. Rg1 Re8
38. Kb2 Rg4 39. h5 Re3 40. h6 Reg3 41. h7 Rh4 42. Ra8+ 1-0

[Event "Gibtelecom Masters"]
[Site "Catalan Bay ENG"]
[Date "2007.02.01"]
[Round "9"]
[White "Werner,Di"]
[Black "Beltran,J"]
[Result "1-0"]
[WhiteElo "2353"]
[BlackElo "2129"]
[EventDate "2007.01.23"]

1. e4 e6 2. d4 d5 3. Nc3 Bb4 4. e5 b6 5. Qg4 Bf8 6. Nh3 Qd7 7. a4 Nc6 8.
Nb5 h5 9. Qd1 Nge7 10. c3 Nf5 11. Bd3 a6 12. Na3 Bb7 13. O-O O-O-O 14. Re1
g6 15. Bg5 Be7 16. b4 Bxg5 17. Nxg5 Rdf8 18. Nb1 Nce7 19. Qe2 a5 20. bxa5
bxa5 21. Nd2 Bc6 22. Nb3 Kd8 23. Nc5 1-0

[Event "Gibtelecom Masters"]
[Site "Catalan Bay ENG"]
[Date "2007.02.01"]
[Round "9"]
[White "Ashby,Ant"]
[Black "Mayers,D"]
[Result "1-0"]
[WhiteElo "2226"]
[BlackElo "1965"]
[EventDate "2007.01.23"]

1. d4 e6 2. c4 c5 3. d5 b5 4. e4 bxc4 5. Nc3 e5 6. Bxc4 d6 7. f4 Nd7 8. Nf3
Ngf6 9. O-O Be7 10. fxe5 Nxe5 11. Nxe5 dxe5 12. Bg5 Bg4 13. Qa4+ Bd7 14.
Qc2 O-O 15. d6 Bxd6 16. Rad1 Bg4 17. Rd3 Rb8 18. Nd5 Bh5 19. Bxf6 Qc8 20.
Bxe5 Bxe5 21. Ne7+ Kh8 22. Nxc8 Rxb2 23. Qa4 Be2 24. Nd6 Bd4+ 25. Rxd4 Bxf1
26. Rd1 Rb4 27. Nxf7+ Kg8 28. Rxf1 Rfb8 29. Qxa7 1-0

[Event "Gibtelecom Masters"]
[Site "Catalan Bay ENG"]
[Date "2007.02.01"]
[Round "9"]
[White "Cardenas Romo,A"]
[Black "Van Kemenade,R"]
[Result "1-0"]
[WhiteElo "1891"]
[BlackElo "2048"]
[EventDate "2007.01.23"]

1. e4 g6 2. d4 Bg7 3. Nf3 d6 4. Bc4 c6 5. Nc3 b5 6. Bb3 b4 7. Ne2 Nf6 8. e5
Nd5 9. O-O O-O 10. h3 a5 11. c3 Ba6 12. Bd2 bxc3 13. bxc3 Nb6 14. Re1 a4
15. Bc2 Nc4 16. Bf4 Nd7 17. exd6 exd6 18. Ng3 Ndb6 19. Nd2 Nd5 20. Nxc4
Nxf4 21. Ne3 a3 22. Qf3 Nd3 23. Bxd3 Bxd3 24. Qxc6 Rc8 25. Qf3 Rxc3 26. Nd1
Rc4 27. Qxd3 Rxd4 28. Qxa3 Rd2 29. Rb1 Qh4 30. Ne3 Qf4 31. Ne2 Qe4 32. Rbd1
Rb2 33. Nc3 Qb7 34. Ncd5 Be5 35. Ng4 Ra8 36. Qf3 f5 37. Ndf6+ Kf7 38. Nxe5+
1-0

[Event "Gibtelecom Masters"]
[Site "Catalan Bay ENG"]
[Date "2007.02.01"]
[Round "9"]
[White "Dawson,J"]
[Black "Kuenitz,K"]
[Result "1-0"]
[WhiteElo "2027"]
[BlackElo "1733"]
[EventDate "2007.01.23"]

1. e4 e5 2. Nf3 Nc6 3. Bc4 Bc5 4. d3 Nge7 5. Ng5 d5 6. exd5 Nxd5 7. Ne4 Be7
8. Nbc3 Nxc3 9. Nxc3 O-O 10. Be3 a6 11. O-O b5 12. Bd5 Bb7 13. Qf3 Nd4 14.
Bxd4 Bxd5 15. Nxd5 exd4 16. Nxe7+ Qxe7 17. Rfe1 Qg5 18. Re4 c5 19. Rae1
Rac8 20. h4 Qg6 21. Rg4 Qh6 22. Qd5 Qf6 23. Rge4 Qc6 24. Qe5 f6 25. Qh5 g6
26. Qh6 f5 27. Re7 Rf7 28. Rxf7 Kxf7 29. Qxh7+ Kf6 30. Qe7+ 1-0

[Event "Gibtelecom Masters"]
[Site "Catalan Bay ENG"]
[Date "2007.02.01"]
[Round "9"]
[White "Vinas Guerrero,C"]
[Black "Helin,M"]
[Result "1-0"]
[WhiteElo "2124"]
[BlackElo "1951"]
[EventDate "2007.01.23"]

1. e4 c5 2. Nf3 a6 3. c3 d5 4. exd5 Nf6 5. c4 e6 6. dxe6 Bxe6 7. d4 cxd4 8.
Qxd4 Nbd7 9. Be3 Bc5 10. Qc3 Be7 11. Be2 Qc7 12. O-O Ng4 13. Bd4 Bd6 14. g3
Ndf6 15. Nbd2 h5 16. c5 Be7 17. h4 Rd8 18. Rac1 Nd5 19. Qa3 Nf4 20. Rfe1
Rxd4 21. Nxd4 Nh3+ 22. Kg2 Bd5+ 23. Bf3 Nf4+ 24. Kg1 O-O 25. Bxd5 Nxd5 26.
Qf3 Rd8 27. N2b3 Bf6 28. Re4 g6 29. Rce1 Qd7 30. Qe2 Kg7 31. a3 Qc7 32. Qf3
Ne5 33. Qe2 Ng4 34. Rxg4 hxg4 35. Qxg4 Rh8 36. Nf5+ Kf8 37. Nfd4 Rh5 38.
Re2 Qd8 39. Re4 Bg7 40. c6 Nf6 41. Qd1 Qc8 42. cxb7 Qxb7 43. Rf4 Qd7 44.
Qe2 Qd6 45. Qc4 Bh6 46. Ne6+ Ke7 47. Ng5 Bxg5 48. Qe2+ Kf8 49. hxg5 Rxg5
50. Qf3 Kg7 51. Nd4 Qe7 52. Qe2 Qd6 53. Qd2 Rd5 54. Qc3 Rc5 55. Qd2 Qc7 56.
Rh4 Nh5 57. Kg2 Qb7+ 58. Nf3 Qc6 59. Qd4+ f6 60. Qe4 Qc7 61. Nd4 f5 62.
Ne6+ Kg8 63. Qf3 Qc6 64. Nxc5 Qxc5 65. Qb3+ Kh7 66. Qc4 Qa7 67. Qd4 Qb7+
68. Kg1 Qe7 69. b4 f4 70. Rxh5+ gxh5 71. Qxf4 Qg7 72. Qf5+ Kg8 73. Qc8+ Kh7
74. Qxa6 Qe5 75. Qd3+ Kh8 76. Qe3 Qd5 77. Qc3+ Kh7 78. Qc2+ Kh8 79. Qc5 Qf3
80. b5 Qg4 81. b6 h4 82. Qf8+ Kh7 83. Qe7+ Kg6 84. Qxh4 Qd1+ 85. Kh2 Qf3
86. Qd4 Qb7 87. a4 Qh7+ 88. Kg1 Qe7 89. Qd3+ Kg7 90. Qc3+ Kg6 91. a5 Qe4
92. Qe3 Qb1+ 93. Kg2 Qb5 94. Qe4+ Kf7 95. b7 1-0

[Event "Gibtelecom Masters"]
[Site "Catalan Bay ENG"]
[Date "2007.02.01"]
[Round "9"]
[White "Urbina Perez,J"]
[Black "Perez Romero,C"]
[Result "1/2-1/2"]
[WhiteElo "2114"]
[BlackElo "2019"]
[EventDate "2007.01.23"]

1. d4 d5 2. c4 e6 3. Nc3 Nf6 4. Bg5 Be7 5. Nf3 h6 6. Bh4 O-O 7. e3 Nbd7 8.
Be2 Ne4 9. Bxe7 Qxe7 10. O-O Nxc3 11. bxc3 dxc4 12. Bxc4 c5 13. Nd2 Nb6 14.
Bd3 cxd4 15. cxd4 e5 16. dxe5 Qxe5 17. Nc4 Nxc4 18. Bxc4 Be6 19. Bxe6 Qxe6
20. Qe2 Rfd8 21. h3 a6 22. Rfd1 g6 23. Rxd8+ Rxd8 24. Qc2 b5 25. a3 Kg7 26.
Rd1 Rxd1+ 27. Qxd1 g5 28. Qd4+ Kg8 29. Qd8+ Kg7 30. Qd4+ Kh7 31. g4 f6 32.
a4 bxa4 33. Qxa4 Qb6 34. Qd7+ Kg8 35. Qe8+ Kg7 36. Qe7+ Kh8 37. Qf8+ Kh7
38. Qf7+ Kh8 39. Qf8+ Kh7 40. Qf7+ Kh8 1/2-1/2

[Event "Gibtelecom Masters"]
[Site "Catalan Bay ENG"]
[Date "2007.02.01"]
[Round "9"]
[White "Pettersen,J"]
[Black "Gonzalez Nunez,M"]
[Result "0-1"]
[WhiteElo "2032"]
[BlackElo "1940"]
[EventDate "2007.01.23"]

1. Nf3 g6 2. c4 Bg7 3. Nc3 d6 4. d4 Bg4 5. e4 Nd7 6. Be2 c5 7. d5 Nb6 8.
O-O Bxf3 9. Bxf3 Nxc4 10. Qa4+ Qd7 11. Qxc4 a6 12. a4 Nf6 13. h3 h5 14. Bf4
Nh7 15. Bh2 g5 16. Bxh5 Nf6 17. Be2 g4 18. hxg4 Nxg4 19. Bg3 Be5 20. Qd3
O-O-O 21. f4 Bd4+ 22. Rf2 Bxf2+ 23. Bxf2 Rh1+ 24. Kxh1 Nxf2+ 25. Kg1 Nxd3
26. Bxd3 Rg8 27. f5 e6 28. Rf1 e5 29. Be2 f6 30. Kf2 Qh7 31. Bf3 Kb8 32.
Re1 Rh8 33. Re2 Qd7 34. Re1 Qc7 35. Kg1 Qb6 36. Re2 c4+ 37. Rf2 Rh1+ 38.
Kxh1 Qxf2 39. Ne2 b5 40. axb5 axb5 41. Kh2 b4 42. Kh3 Qe3 43. Kg4 Kc7 44.
Kh4 Kd7 45. Kg4 Ke7 46. Kh4 c3 47. Nxc3 bxc3 48. bxc3 Qxc3 49. Kg4 Qd3 50.
Kh4 Kf7 51. Kg4 Kg7 52. Kh4 Kh6 53. Kh3 Kg5 54. Kh2 Kf4 55. Bd1 Qxd1 0-1

[Event "Gibtelecom Masters"]
[Site "Catalan Bay ENG"]
[Date "2007.02.01"]
[Round "9"]
[White "Stokes,I"]
[Black "Gonzalez Amaya,M"]
[Result "1-0"]
[WhiteElo "2044"]
[BlackElo "1891"]
[EventDate "2007.01.23"]

1. e4 e5 2. Nf3 Nf6 3. Nxe5 d6 4. Nf3 Nxe4 5. Nc3 Nxc3 6. dxc3 Be7 7. Bf4
O-O 8. Qd2 a5 9. Bd3 Nd7 10. h4 Nc5 11. O-O-O Nxd3+ 12. Qxd3 a4 13. Ng5 f5
14. Qd5+ Kh8 15. Nf7+ Rxf7 16. Qxf7 a3 17. Rhe1 1-0